Länder mit den höchsten Kohlenstoffdioxid-Emissionen - Statistiken

Allgemein
  • Dieses Quiz wurde 313 mal gespielt
  • Das Durchschnittsergebnis liegt bei 17 aus 22
Antwortstatistiken
% von allen Land Wachstum % Korrekt
29,2% China 285%
99%
11,2% Vereinigte Staaten -2%
99%
1,46% Deutschland -37%
98%
7,33% Indien 175%
96%
0,80% Frankreich -20%
94%
2,44% Brasilien 88%
92%
4,80% Russland -16%
92%
2,20% Japan -11%
90%
1,52% Mexiko 76%
89%
1,41% Kanada 30%
88%
0,79% Vereinigtes Königreich -46%
83%
1,06% Australien 25%
81%
2,31% Indonesien 190%
72%
1,51% Saudi-Arabien 240%
71%
1,35% Südkorea 120%
69%
1,02% Pakistan 154%
66%
1,28% Türkei 201%
66%
1,77% Iran 186%
63%
0,99% Südafrika 30%
63%
0,86% Thailand 109%
56%
0,91% Vietnam 337%
47%
0,76% Nigeria 42%
46%
Keine übereinstimmenden Quizze gefunden
Verteilung der Resultate
Anzahl Personen mit jedem Resultat
Perzentil nach korrekt beantworteten Fragen
Ihre Resultats-Entwicklung
Sie haben dieses Quiz noch nicht gespielt